Ръководство за решаване на задачи по висша математика (Запис номер 187591)
[ съкратено ]
| 000 -Лидер | |
|---|---|
| Контролно поле с фиксирана дължина | 01412nam a2200289 c 4500 |
| 003 - Код на организацията, давaща контролен номер | |
| Контролно поле | BLK |
| 005 - Дата и час на последна редакция | |
| Контролно поле | 20221128102409.0 |
| 008 - Елементи от данни с фиксирана дължина | |
| fixed length control field | 180411b bul|||||r ||||||| ||bul|| |
| 010 ## - Наследен системен номер | |
| LC control number | KNG00196607000 |
| 040 ## - Източник на каталожния запис | |
| Идентификатор на билиотеката - собственик на записа | BLK |
| 041 ## - Код за език | |
| Код за езика на текст/звукозапис или на отделно заглавие | Български |
| Код за езика КДБФ | Български |
| 080 ## - УДК | |
| Текстов определител УДК | Математика |
| УДК код - определител по УДК | 51 |
| УДК определител | (035)(075.8) |
| УДК - код + определител | 51(035)(075.8) |
| 139 ## - Редно поле | |
| Редна дума | Ръководство за решаване на задачи по висша математика |
| Авторски знак | Ръ - Р 97 |
| 245 10 - Сведения за заглавието | |
| Заглавие | Ръководство за решаване на задачи по висша математика |
| Подзаглавни данни | За студентите от ВИАС : Ч. 1 - |
| Редно поле (дума) | авт. на том Веска Михайлова Кортенска и др. |
| Том | Ч. 3 |
| 257 ## - Страна на издаване | |
| Страна на създаване/издаване | България |
| 260 ## - Област на издателските данни | |
| Място на издаване, разпространение и проч. | София |
| Име на издателя, разпространителя и проч. | Техника |
| Година на издаване | 1980 |
| Печатница | Ямбол : Г. Димитров |
| 300 ## - Физическа характеристика | |
| Размери/Мащаб | 22 см |
| 380 ## - Жанр | |
| Жанр | Естествени науки. Математика |
| 650 #4 - Допълнително описание по предмет – тема | |
| Основно описание – тема или топоним | Математика - задачи - учебници за ВУЗ |
| 9 (RLIN) | 253230 |
| 700 1# - Други автори (авторска отговорност) | |
| Лично име | Кортенска, Веска Михайлова |
| Автороска отговорност (Описва отношението между автора и произведението) | авт. на том |
| 9 (RLIN) | 384518 |
| 760 1# - Описание на основната серия | |
| Място на издаване, издател и година | 1980 |
| Страници - том | 239 с. : с черт. |
| Забележка - том | Други авт. : М. И. Минчева, Т. П. Катев, В. И. Диновски, М. К. Мартинова, К. З. Шулев. - тир. - Библиогр. с. 233-234. |
| Заглавие | Ч. 3 |
| 852 ## - Местоположение | |
| Форматна сигнатура | Цб 98202 |
| Фондова буква | Хранилище |
| 856 4# - Електронен адрес и достъп | |
| Електронен формат | pdf - файл |
| Инструкция (цена за достъп) | 0.00 |
| Права за достъп | disable |
| 856 4# - Електронен адрес и достъп | |
| Електронен формат | pdf - файл |
| Инструкция (цена за достъп) | 0.00 |
| Права за достъп | disable |
| 999 ## - СИСТЕМНИ КОНТРОЛНИ НОМЕРА | |
| Koha biblionumber | 187591 |
| Koha biblioitemnumber | 187591 |
| 942 ## - АРТИКУЛИ | |
| Вид на библиотечния материал | Книги |
| Скрит в OPAC | Не |
| Периодичен библиозапис | Да |
| 944 ## - СЪЗДАВАНЕ И РЕДАКЦИЯ на ЗАПИСА | |
| Създаване/Редакция | Създаване |
| Дата на регистрацията/редакция | 22.11.2016 |
| Служител, извършил регистрацията/редакцията | Грета_Цуфелде |
| 944 ## - СЪЗДАВАНЕ И РЕДАКЦИЯ на ЗАПИСА | |
| Създаване/Редакция | Редакция |
| Дата на регистрацията/редакция | 22.11.2016 |
| Служител, извършил регистрацията/редакцията | Грета_Цуфелде |
| 999 ## - СИСТЕМНИ КОНТРОЛНИ НОМЕРА | |
| Koha biblioitemnumber | 187591 |
| Код за отписване | Код за изгубен артикул | Източник на класификационната схема | Код за повреда | Коз за рестрикции | Код за отдаване | Артикулен № | Име на библиотеката - собственик | Име на библиотеката, в която се намира в момента | Статус (Текущо местоположение) | Дата на вписване в системата | Местоположение - отдел | Цена в лева | Инвентарен номер | Систематично азбучна сигнатура | Баркод | Номер на екземпляра | Цена в евро | Служебна бележка | Служебен тип на артикула |
|---|---|---|---|---|---|---|---|---|---|---|---|---|---|---|---|---|---|---|---|
| Не е изгубен | Universal Decimal Classification | Не е повреден | без рестрикции | ползва се в читалня | 327671 | Регионална библиотека "Любен Каравелов" Русе | Регионална библиотека "Любен Каравелов" Русе | Хранилище | 1980-01-01 | Хранилище | 0.89 | 306144 | Цб 98202 | 120000306144 | 1 | 0.46 | N: стар фонд Дата: 01.01.1980 | Книги | |
| Изтеглен | Не е изгубен | Universal Decimal Classification | Не е повреден | без рестрикции | заемане за дома | 327672 | Регионална библиотека "Любен Каравелов" Русе | Регионална библиотека "Любен Каравелов" Русе | Заемна - подръчен фонд | 1980-01-01 | Заемна - подръчен фонд | 0.89 | 307422 | П 51/Р 97 | 307422 | 2 | 0.46 | N: стар фонд Дата: 01.01.1980 | Книги |
| Изтеглен | Не е изгубен | Universal Decimal Classification | Не е повреден | без рестрикции | заемане за дома | 327673 | Регионална библиотека "Любен Каравелов" Русе | Регионална библиотека "Любен Каравелов" Русе | Заемна - подръчен фонд | 1980-01-01 | Заемна - подръчен фонд | 0.89 | 307423 | П 51/Р 97 | 307423 | 3 | 0.46 | N: стар фонд Дата: 01.01.1980 Дата инв: 08.02.2018 Бележки инв: П2018 | Книги |